[Event "Sochi Pearl Blitz op"]
[Site "Sochi"]
[Date "2023.10.12"]
[Round "2"]
[White "Tsydypov, Zhamsaran"]
[Black "Kutynec, Vladimir"]
[Result "1-0"]
[WhiteElo "2548"]
[BlackElo "2261"]
[PlyCount "74"]
[EventDate "2023.10.12"]
[EventType "swiss (blitz)"]
[EventRounds "13"]
[EventCountry "RUS"]
[SourceTitle "Mega2024 Update 01"]
[Source "Chessbase"]
[SourceDate "2023.11.12"]
[SourceVersion "1"]
[SourceVersionDate "2023.11.12"]
[SourceQuality "1"]

1. e4 c5 2. Nf3 Nc6 3. Bb5 e5 4. c3 a6 5. Ba4 b5 6. Bb3 c4 7. Bc2 Bb7 8. b3 cxb3 9. axb3 Nf6 10. 0-0 Be7 11. d4 d6 12. d5 Nb8 13. Nbd2 0-0 14. b4 Nbd7 15. Nb3 Nb6 16. Na5 Qc7 17. Bd2 Nc4 18. Nxc4 Qxc4 19. Qb1 h6 20. Bd3 Qc7 21. Rc1 Rfc8 22. Ra3 Nd7 23. c4 bxc4 24. Bxc4 Qd8 25. Be3 Rc7 26. h3 Qb8 27. Rc2 Bc8 28. Rb3 Nb6 29. Bd3 Rxc2 30. Qxc2 Bd7 31. Ra3 Bb5 32. Bxb5 axb5 33. Rxa8 Nxa8 34. Qc6 Nc7 35. Bb6 Ne8 36. Nd2 Nf6 37. g3 Qe8 1-0

[Event "Sochi Pearl Rapid op"]
[Site "Sochi"]
[Date "2023.10.09"]
[Round "2"]
[White "Remizov, Yaroslav"]
[Black "Kutynec, Vladimir"]
[Result "1-0"]
[WhiteElo "2437"]
[BlackElo "2261"]
[PlyCount "75"]
[EventDate "2023.10.09"]
[EventType "swiss (rapid)"]
[EventRounds "11"]
[EventCountry "RUS"]
[SourceTitle "Mega2024 Update 01"]
[Source "Chessbase"]
[SourceDate "2023.11.12"]
[SourceVersion "1"]
[SourceVersionDate "2023.11.12"]
[SourceQuality "1"]

1. e4 c5 2. Nf3 Nc6 3. c3 d5 4. exd5 Qxd5 5. d4 cxd4 6. cxd4 e5 7. Nc3 Bb4 8. Bd2 Bxc3 9. Bxc3 e4 10. Ne5 Nxe5 11. dxe5 Ne7 12. Qa4+ Bd7 13. Qa3 Qe6 14. Rd1 0-0 15. Rd6 Qf5 16. Bc4 e3 17. 0-0 Bc6 18. fxe3 Qe4 19. Rd2 Nf5 20. Bd4 Nh4 21. Bd3 Qd5 22. Rf4 Nxg2 23. Be4 Nxf4 24. Bxd5 Nxd5 25. Rf2 Nc7 26. Bc5 Rfe8 27. Bd6 Ne6 28. h4 Nf8 29. h5 Re6 30. Qd3 g6 31. Qd4 gxh5 32. Qf4 Rg6+ 33. Kh2 Bd5 34. Qf5 Be6 35. Qe4 Bxa2 36. b3 Re8 37. Qxb7 Rge6 38. Qxf7+ 1-0

[Event "Pardubice Czech op-A 30th"]
[Site "Pardubice"]
[Date "2019.07.25"]
[Round "7"]
[White "Chylewski, Patryk"]
[Black "Kutynec, Vladimir"]
[Result "1-0"]
[WhiteElo "2376"]
[BlackElo "2252"]
[PlyCount "47"]
[EventDate "2019.07.19"]
[EventType "swiss"]
[EventRounds "9"]
[EventCountry "CZE"]
[SourceTitle "CBM 191"]
[Source "ChessBase"]
[SourceDate "2019.08.31"]
[SourceVersion "1"]
[SourceVersionDate "2019.08.31"]
[SourceQuality "1"]

1. d4 Nf6 2. c4 g6 3. Nc3 Bg7 4. e4 d6 5. Nf3 0-0 6. Be2 Na6 7. 0-0 e5 8. dxe5 dxe5 9. Be3 Ng4 10. Bd2 f5 11. exf5 gxf5 12. h3 e4 13. hxg4 exf3 14. gxf3 fxg4 15. fxg4 Qh4 16. Kg2 h5 17. Be3 Rd8 18. Qc2 Bxg4 19. Rh1 Qf6 20. Bxg4 hxg4 21. Qh7+ Kf8 22. Rh5 Qc6+ 23. Nd5 Rd7 24. Bh6 1-0

[Event "Pardubice Czech op-A 30th"]
[Site "Pardubice"]
[Date "2019.07.22"]
[Round "4"]
[White "Kutynec, Vladimir"]
[Black "Nagy, Gabor"]
[Result "0-1"]
[WhiteElo "2252"]
[BlackElo "2474"]
[PlyCount "62"]
[EventDate "2019.07.19"]
[EventType "swiss"]
[EventRounds "9"]
[EventCountry "CZE"]
[SourceTitle "CBM 191"]
[Source "ChessBase"]
[SourceDate "2019.08.31"]
[SourceVersion "1"]
[SourceVersionDate "2019.08.31"]
[SourceQuality "1"]

1. Nf3 Nf6 2. c4 g6 3. Nc3 Bg7 4. e4 d6 5. d4 0-0 6. Be2 Na6 7. Be3 e5 8. 0-0 Ng4 9. Bg5 Qe8 10. d5 h6 11. Bh4 f5 12. Nd2 g5 13. Bg3 Nf6 14. f3 Qg6 15. Rc1 h5 16. c5 Nxc5 17. b4 Na6 18. Nb5 Rf7 19. Bf2 g4 20. fxg4 Nxg4 21. Bxg4 hxg4 22. Rc4 f4 23. Qc2 g3 24. hxg3 fxg3 25. Bxg3 Qxg3 26. Rxf7 Kxf7 27. Nf1 Qe1 28. Nxc7 Bh6 29. Qd3 Bg4 30. Nxa6 Be2 31. Rc7+ Kf6 0-1

[Event "Pardubice Czech op-A 29th"]
[Site "Pardubice"]
[Date "2018.07.27"]
[Round "8"]
[White "Kutynec, Vladimir"]
[Black "Erenberg, Ariel"]
[Result "0-1"]
[WhiteElo "2273"]
[BlackElo "2413"]
[PlyCount "76"]
[EventDate "2018.07.20"]
[EventType "swiss"]
[EventRounds "9"]
[EventCountry "CZE"]
[SourceTitle "CBM 185 Extra"]
[Source "ChessBase"]
[SourceDate "2018.07.29"]
[SourceVersion "1"]
[SourceVersionDate "2018.07.29"]
[SourceQuality "1"]

1. Nf3 Nf6 2. c4 e6 3. g3 d5 4. d4 Bb4+ 5. Bd2 Be7 6. Bg2 0-0 7. 0-0 c6 8. Qb3 Nbd7 9. Bf4 b6 10. Ne5 Nxe5 11. dxe5 Nd7 12. Rd1 g5 13. Bc1 Ba6 14. cxd5 cxd5 15. e4 d4 16. Rxd4 Qc7 17. Be3 Nxe5 18. Na3 Rad8 19. Nb5 Bxb5 20. Qxb5 Bf6 21. Rdd1 Qc2 22. Rdc1 Qd3 23. Qxd3 Nxd3 24. Rc7 Nxb2 25. Rxa7 Nd1 26. Rb1 Nxe3 27. fxe3 Rd2 28. Rxb6 g4 29. Rb1 Bg5 30. Re1 Rc8 31. h3 Rc3 32. Ra8+ Kg7 33. hxg4 Bxe3+ 34. Kh1 Bd4 35. Rd8 Rxg3 36. e5 Rxg4 37. Re4 Rd1+ 38. Kh2 Rxe4 0-1

[Event "Pardubice Czech op-A 29th"]
[Site "Pardubice"]
[Date "2018.07.23"]
[Round "4"]
[White "Kutynec, Vladimir"]
[Black "Harshini, A."]
[Result "1/2-1/2"]
[WhiteElo "2273"]
[BlackElo "2037"]
[PlyCount "181"]
[EventDate "2018.07.20"]
[EventType "swiss"]
[EventRounds "9"]
[EventCountry "CZE"]
[SourceTitle "CBM 185 Extra"]
[Source "ChessBase"]
[SourceDate "2018.07.29"]
[SourceVersion "1"]
[SourceVersionDate "2018.07.29"]
[SourceQuality "1"]

1. Nf3 Nf6 2. c4 g6 3. Nc3 d5 4. cxd5 Nxd5 5. e4 Nxc3 6. dxc3 Qxd1+ 7. Kxd1 Bg7 8. Bf4 c6 9. Kc2 0-0 10. Bc4 Nd7 11. a4 Nc5 12. Nd2 Ne6 13. Be3 Rd8 14. g4 Nc7 15. h3 e5 16. Bg5 Re8 17. f3 Ne6 18. h4 h6 19. Be3 Bf8 20. a5 Kg7 21. b4 Be7 22. Nb3 Rd8 23. Rh2 Bd7 24. Nc5 Nxc5 25. Bxc5 Bxc5 26. bxc5 Be6 27. Bxe6 fxe6 28. a6 Rd7 29. Rd2 Rad8 30. Rd6 Rxd6 31. cxd6 b6 32. Rd1 Kf7 33. c4 Ke8 34. c5 bxc5 35. Rb1 Rxd6 36. Rb7 Rd7 37. Kc3 Kd8 38. Rb8+ Kc7 39. Rg8 Rf7 40. Rxg6 Rxf3+ 41. Kc4 Kb6 42. Rxh6 Rf4 43. g5 Rxe4+ 44. Kc3 Rg4 45. g6 e4 46. h5 Rg3+ 47. Kc4 e3 48. Rh7 e2 49. Rb7+ Kxa6 50. Rb1 Rg5 51. Re1 Rxh5 52. Rxe2 Rg5 53. Rxe6 Kb6 54. Kd3 Rg4 55. Ke3 c4 56. Kf3 Rg1 57. Kf2 Rg5 58. Ke3 a5 59. Kd4 Rg4+ 60. Re4 Rxg6 61. Kxc4 Rg5 62. Rh4 Rc5+ 63. Kb3 Kb5 64. Rh8 a4+ 65. Kb2 Kb4 66. Rb8+ Rb5 67. Ra8 c5 68. Ra7 Rb8 69. Ka2 Kc3 70. Rh7 Rd8 71. Ka3 Rd4 72. Rh5 c4 73. Kxa4 Kc2 74. Ka3 c3 75. Rh2+ Rd2 76. Rh1 Re2 77. Ka2 Rg2 78. Ka3 Rd2 79. Ka2 Re2 80. Ka3 Re7 81. Rh2+ Kb1 82. Rh1+ Kc2 83. Rh2+ Kb1 84. Rh1+ Kc2 85. Rh2+ Kd1 86. Kb3 c2 87. Rh1+ Kd2 88. Rh2+ Kd3 89. Rh3+ Re3 90. Rxe3+ Kxe3 91. Kxc2 1/2-1/2

[Event "Pardubice Czech op-A 29th"]
[Site "Pardubice"]
[Date "2018.07.22"]
[Round "3"]
[White "Rakshitta, Ravi"]
[Black "Kutynec, Vladimir"]
[Result "1/2-1/2"]
[WhiteElo "2026"]
[BlackElo "2273"]
[PlyCount "87"]
[EventDate "2018.07.20"]
[EventType "swiss"]
[EventRounds "9"]
[EventCountry "CZE"]
[SourceTitle "CBM 185 Extra"]
[Source "ChessBase"]
[SourceDate "2018.07.29"]
[SourceVersion "1"]
[SourceVersionDate "2018.07.29"]
[SourceQuality "1"]

1. e4 c5 2. Nc3 Nc6 3. Nf3 g6 4. d4 cxd4 5. Nxd4 Bg7 6. Nde2 h5 7. Be3 Nf6 8. h3 0-0 9. g3 b5 10. Bg2 b4 11. Nd5 Ba6 12. 0-0 e6 13. Nxf6+ Qxf6 14. Rb1 d5 15. exd5 exd5 16. Qxd5 Bxe2 17. Qxc6 Bxf1 18. Qxf6 Bxf6 19. Bxa8 Bxh3 20. Be4 Be6 21. Bxa7 Bxa2 22. Ra1 b3 23. cxb3 Bxb3 24. Ra3 Re8 25. Rxb3 Rxe4 26. Be3 Be7 27. Rb7 Bd6 28. Kg2 Rb4 29. Rxb4 Bxb4 30. Bd4 f5 31. Bc3 Be7 32. b4 Kf7 33. Bd2 Ke6 34. b5 Kd5 35. Be3 h4 36. gxh4 Bxh4 37. b6 Kc6 38. Kf3 g5 39. Bd4 Kb7 40. Ke3 Kc6 41. Kf3 Kb7 42. Ke2 g4 43. Ke3 Bg5+ 44. Kd3 1/2-1/2

[Event "Pardubice Czech op-A 29th"]
[Site "Pardubice"]
[Date "2018.07.21"]
[Round "2"]
[White "Kutynec, Vladimir"]
[Black "Tomazini, Zan"]
[Result "0-1"]
[WhiteElo "2273"]
[BlackElo "2406"]
[PlyCount "92"]
[EventDate "2018.07.20"]
[EventType "swiss"]
[EventRounds "9"]
[EventCountry "CZE"]
[SourceTitle "CBM 185 Extra"]
[Source "ChessBase"]
[SourceDate "2018.07.29"]
[SourceVersion "1"]
[SourceVersionDate "2018.07.29"]
[SourceQuality "1"]

1. d4 Nf6 2. c4 Nc6 3. Nc3 e5 4. d5 Ne7 5. Nf3 Ng6 6. h4 h5 7. Bg5 d6 8. Qc2 Be7 9. e3 Bg4 10. Bd3 Nf8 11. Nd2 Ng8 12. Bxe7 Nxe7 13. Nde4 Nh7 14. f3 Bf5 15. Nxd6+ cxd6 16. Bxf5 Nxf5 17. Qxf5 Qb6 18. Qd3 Qxb2 19. 0-0 Qa3 20. Rab1 b6 21. f4 0-0 22. Rb3 Qc5 23. Ne4 Qc7 24. fxe5 dxe5 25. Rf5 Qe7 26. Rxh5 f5 27. Ng3 g6 28. Nxf5 gxf5 29. Rxf5 Qxh4 30. c5 e4 31. Qf1 Qg4 32. Rf4 Rxf4 33. exf4 bxc5 34. Kh2 Qh5+ 35. Rh3 Qxd5 36. Qa6 Qf7 37. Qc6 Rf8 38. Qxc5 Qxf4+ 39. Rg3+ Kh8 40. Qxa7 Rg8 41. Qe3 Qd6 42. a4 Rg6 43. a5 Rh6+ 44. Kg1 Qd1+ 45. Kf2 Rf6+ 46. Rf3 exf3 0-1

[Event "Pardubice op rapid 29th"]
[Site "Pardubice"]
[Date "2018.07.19"]
[Round "4"]
[White "Kutynec, Vladimir"]
[Black "Burdalev, Kirill"]
[Result "0-1"]
[WhiteElo "2273"]
[BlackElo "2377"]
[PlyCount "70"]
[EventDate "2018.07.18"]
[EventType "swiss (rapid)"]
[EventRounds "9"]
[EventCountry "CZE"]
[SourceTitle "CBM 185 Extra"]
[Source "ChessBase"]
[SourceDate "2018.07.29"]
[SourceVersion "1"]
[SourceVersionDate "2018.07.29"]
[SourceQuality "1"]

1. Nf3 Nf6 2. c4 g6 3. Nc3 Bg7 4. e4 0-0 5. d4 d6 6. Be2 c5 7. d5 e6 8. h3 exd5 9. exd5 Bf5 10. 0-0 Ne4 11. Bd3 Nxc3 12. bxc3 Bxd3 13. Qxd3 Nd7 14. Rb1 Nb6 15. Re1 Qd7 16. Bf4 Rfe8 17. Ng5 Rxe1+ 18. Rxe1 Rd8 19. Ne4 Re8 20. Kf1 Nc8 21. Bg5 f5 22. Nf6+ Bxf6 23. Bxf6 Rxe1+ 24. Kxe1 Kf7 25. Bg5 Qe8+ 26. Kf1 Nb6 27. Bf4 Qa4 28. Bxd6 Qxa2 29. Bxc5 Nxc4 30. d6 Qa1+ 31. Ke2 Qa2+ 32. Kf1 Ne5 33. Qb5 Qd5 34. Kg1 b6 35. d7 Nxd7 0-1

[Event "Sochi ChessAmateur op"]
[Site "Sochi"]
[Date "2018.04.04"]
[Round "6"]
[White "Kutynec, Vladimir"]
[Black "Filipets, Egor"]
[Result "0-1"]
[WhiteElo "2270"]
[BlackElo "2324"]
[PlyCount "105"]
[EventDate "2018.04.01"]
[EventType "swiss"]
[EventRounds "9"]
[EventCountry "RUS"]
[SourceTitle "CBM 184 Extra"]
[Source "ChessBase"]
[SourceDate "2018.06.28"]
[SourceVersion "1"]
[SourceVersionDate "2018.06.28"]
[SourceQuality "1"]

1. Nf3 g6 2. e4 Bg7 3. d4 d6 4. h3 Nf6 5. Nc3 0-0 6. Be3 c6 7. a4 d5 8. e5 Ne4 9. Nxe4 dxe4 10. Ng5 c5 11. dxc5 Qc7 12. c3 Qxe5 13. Qc2 h6 14. Nxe4 f5 15. Bc4+ Kh7 16. Nd2 f4 17. Nf3 Bf5 18. Nxe5 Bxc2 19. Bd4 Bxe5 20. Bxe5 Nc6 21. Bc7 Rac8 22. Kd2 Be4 23. f3 Rxc7 24. fxe4 Ne5 25. Be2 Rxc5 26. Kc2 g5 27. Rad1 Kg6 28. Rd5 Rxd5 29. exd5 h5 30. c4 g4 31. hxg4 hxg4 32. Kc3 f3 33. gxf3 gxf3 34. Bd3+ Kg5 35. Kd4 Kf4 36. Bf1 Ng4 37. c5 Rd8 38. Bc4 f2 39. b4 Nf6 40. b5 e5+ 41. Kd3 Nxd5 42. Ke2 Kg3 43. Rh7 Nc3+ 44. Ke3 Nd1+ 45. Ke2 Nc3+ 46. Ke3 Nd1+ 47. Ke2 Rd4 48. Rg7+ Kh4 49. Rf7 Rxc4 50. Kxd1 Kg3 51. Ke2 Re4+ 52. Kd2 Kh4 53. Rg7 0-1

[Event "Sochi ChessAmateur op"]
[Site "Sochi"]
[Date "2018.04.02"]
[Round "2"]
[White "Kutynec, Vladimir"]
[Black "Mumdgan, Suren"]
[Result "1-0"]
[WhiteElo "2270"]
[BlackElo "2143"]
[PlyCount "129"]
[EventDate "2018.04.01"]
[EventType "swiss"]
[EventRounds "9"]
[EventCountry "RUS"]
[SourceTitle "CBM 184 Extra"]
[Source "ChessBase"]
[SourceDate "2018.06.28"]
[SourceVersion "1"]
[SourceVersionDate "2018.06.28"]
[SourceQuality "1"]

1. Nf3 d5 2. d4 c6 3. c4 Nf6 4. Nc3 Bf5 5. Qb3 Qb6 6. c5 Qc7 7. Bf4 Qc8 8. Rc1 Nh5 9. Bd2 Nd7 10. h3 Nhf6 11. Bf4 h6 12. g4 Bh7 13. Bg2 g5 14. Bg3 Ne4 15. Nxe4 Bxe4 16. h4 Bg7 17. hxg5 hxg5 18. Rxh8+ Bxh8 19. Kf1 Bxf3 20. Bxf3 Bxd4 21. Kg2 Be5 22. Qe3 Bxg3 23. fxg3 f6 24. Rh1 Nf8 25. Rh6 Qe6 26. Qb3 0-0-0 27. Qa3 Kb8 28. Qa5 Qd7 29. b4 Qc7 30. Qa4 Nd7 31. Qb3 Ne5 32. Rh7 Nxf3 33. Qxf3 Qe5 34. a4 a6 35. Kf2 Kc7 36. Qf5 Qd4+ 37. Kf1 Rd7 38. Qe6 Qe4 39. Qxe4 dxe4 40. Kf2 b6 41. a5 bxc5 42. bxc5 e6 43. Rxd7+ Kxd7 44. Ke3 Ke7 45. Kxe4 Kf7 46. Kd4 Kg6 47. e3 Kf7 48. Ke4 Kg7 49. Kd4 Kg6 50. e4 Kf7 51. Kd3 Kg7 52. Ke3 Kh6 53. Kd3 Kg6 54. Kd4 Kg7 55. Kd3 Kg6 56. Kd4 Kh7 57. Kd3 Kh6 58. Ke3 Kg6 59. Kd4 Kf7 60. Kd3 Kg7 61. Ke3 Kg6 62. Kd4 f5 63. exf5+ Kf6 64. Ke4 Kf7 65. Ke5 1-0

[Event "EU-ch rapid"]
[Site "Katowice"]
[Date "2017.12.17"]
[Round "7"]
[White "Wieczorek, Oskar"]
[Black "Kutynec, Vladimir"]
[Result "1-0"]
[WhiteElo "2463"]
[BlackElo "2270"]
[PlyCount "77"]
[EventDate "2017.12.16"]
[EventType "swiss (rapid)"]
[EventRounds "11"]
[EventCountry "POL"]
[SourceTitle "CBM 182 Extra"]
[Source "ChessBase"]
[SourceDate "2018.02.23"]
[SourceVersion "1"]
[SourceVersionDate "2018.02.23"]
[SourceQuality "1"]

1. e4 c5 2. Nf3 Nc6 3. d4 cxd4 4. Nxd4 g6 5. c4 Nf6 6. Nc3 Nxd4 7. Qxd4 d6 8. Be3 Bg7 9. f3 0-0 10. Qd2 Be6 11. Be2 Qa5 12. Rc1 Rfc8 13. b3 h5 14. 0-0 a6 15. f4 b5 16. f5 b4 17. fxe6 bxc3 18. exf7+ Kf8 19. Qxc3 Qxc3 20. Rxc3 a5 21. Rc2 Nd7 22. g4 hxg4 23. Bxg4 Rc7 24. Bxd7 Rxd7 25. Rg2 Bf6 26. Bg5 Kxf7 27. Bxf6 exf6 28. Rgf2 Re8 29. Rxf6+ Kg7 30. R6f4 a4 31. Rd1 axb3 32. axb3 Rb8 33. c5 Rxb3 34. cxd6 g5 35. Rf5 Kg6 36. Rdd5 Rb2 37. Rxg5+ Kf6 38. Rdf5+ Ke6 39. Rg6# 1-0

[Event "EU-ch blitz"]
[Site "Katowice"]
[Date "2017.12.15"]
[Round "11"]
[White "Wozniak, Mariola"]
[Black "Kutynec, Vladimir"]
[Result "1/2-1/2"]
[WhiteElo "2170"]
[BlackElo "2270"]
[PlyCount "63"]
[EventDate "2017.12.15"]
[EventType "swiss (blitz)"]
[EventRounds "22"]
[EventCountry "POL"]
[SourceTitle "CBM 182 Extra"]
[Source "ChessBase"]
[SourceDate "2018.02.23"]
[SourceVersion "1"]
[SourceVersionDate "2018.02.23"]
[SourceQuality "1"]

1. e4 c5 2. Nf3 Nc6 3. d4 cxd4 4. Nxd4 g6 5. Nc3 Bg7 6. Be3 Nf6 7. Bc4 0-0 8. f3 Qb6 9. Qd2 Nxe4 10. fxe4 Bxd4 11. Bxd4 Qxd4 12. Qe2 d6 13. Rd1 Qb6 14. Nd5 Qxb2 15. 0-0 Qe5 16. Rd3 Be6 17. Rg3 b5 18. Bb3 Nd4 19. Nxe7+ Kg7 20. Qe3 Bxb3 21. axb3 Qxe7 22. Qxd4+ Qe5 23. Qe3 Kh8 24. Kh1 a5 25. Rh3 a4 26. Qh6 Qg7 27. Qg5 a3 28. Qc1 a2 29. Qa1 Qxa1 30. Rxa1 Rfc8 31. c3 Ra3 32. Kg1 1/2-1/2

[Event "Pardubice Czech op-A 28th"]
[Site "Pardubice"]
[Date "2017.07.27"]
[Round "7"]
[White "Paprocki, Jaroslaw"]
[Black "Kutynec, Vladimir"]
[Result "0-1"]
[WhiteElo "2192"]
[BlackElo "2293"]
[PlyCount "100"]
[EventDate "2017.07.21"]
[EventType "swiss"]
[EventRounds "9"]
[EventCountry "CZE"]
[SourceTitle "CBM 179 Extra"]
[Source "ChessBase"]
[SourceDate "2017.08.23"]
[SourceVersion "1"]
[SourceVersionDate "2017.08.23"]
[SourceQuality "1"]

1. e4 c5 2. Nf3 Nc6 3. d4 cxd4 4. Nxd4 g6 5. Nc3 Bg7 6. Be3 Nf6 7. Bc4 0-0 8. f3 Qb6 9. 0-0 Qxb2 10. Ncb5 Qb4 11. Be2 Qa5 12. c4 Nxd4 13. Bxd4 d6 14. Rb1 Ne8 15. a4 Nc7 16. Bf2 Ne6 17. Be1 Qd8 18. f4 a6 19. Nc3 Nc5 20. Bd3 Bg4 21. Qc2 Bd7 22. f5 e6 23. Bg3 Bd4+ 24. Kh1 Be5 25. Bxe5 dxe5 26. f6 Kh8 27. Be2 Rg8 28. Rbd1 Qf8 29. Qc1 Bc6 30. Qg5 Nxe4 31. Nxe4 Bxe4 32. Qxe5 Bc6 33. Bf3 Bxa4 34. Bxb7 Bxd1 35. Bxa8 Bb3 36. Rf3 Bxc4 37. Be4 Bd5 38. Bxd5 Qc5 39. Qe2 Qxd5 40. Qxa6 Ra8 41. Qf1 Qd4 42. Rb3 h5 43. Rb1 Ra5 44. Qc1 Kh7 45. Qc7 Ra7 46. Qc1 Qxf6 47. h3 Ra2 48. Qe1 Qd4 49. Kh2 Rb2 50. Ra1 Qd5 0-1

[Event "Pardubice Czech op-A 28th"]
[Site "Pardubice"]
[Date "2017.07.22"]
[Round "2"]
[White "Kutynec, Vladimir"]
[Black "Drnovsek, Gal"]
[Result "0-1"]
[WhiteElo "2293"]
[BlackElo "2440"]
[PlyCount "78"]
[EventDate "2017.07.21"]
[EventType "swiss"]
[EventRounds "9"]
[EventCountry "CZE"]
[SourceTitle "CBM 179 Extra"]
[Source "ChessBase"]
[SourceDate "2017.08.23"]
[SourceVersion "1"]
[SourceVersionDate "2017.08.23"]
[SourceQuality "1"]

1. Nf3 d5 2. d4 Nf6 3. c4 e6 4. g3 Be7 5. Bg2 0-0 6. 0-0 dxc4 7. Na3 Bxa3 8. bxa3 Bd7 9. Ne5 Bc6 10. Nxc6 Nxc6 11. e3 Nd5 12. Qc2 Nb6 13. Rd1 Qe7 14. Rb1 Rad8 15. Rb5 Rd7 16. a4 Nb4 17. Qc3 Nxa2 18. Qc2 Nb4 19. Qb1 N4d5 20. Qa1 c6 21. Rc5 Nb4 22. Ra5 N6d5 23. Rc5 Nd3 24. Rxc4 Nxc1 25. Rdxc1 a5 26. Rc5 Qd8 27. Qb2 Nb4 28. Qe2 Rd6 29. Be4 b6 30. Re5 g6 31. Bc2 c5 32. dxc5 Rd2 33. Qb5 Nxc2 34. cxb6 Rd1+ 35. Rxd1 Qxd1+ 36. Kg2 Ne1+ 37. Kh3 f5 38. Qc4 Qh5+ 39. Qh4 Qf3 0-1

[Event "Pardubice op rapid 28th"]
[Site "Pardubice"]
[Date "2017.07.20"]
[Round "5"]
[White "Kutynec, Vladimir"]
[Black "Rosko, Lubos"]
[Result "1-0"]
[WhiteElo "2293"]
[BlackElo "2308"]
[PlyCount "93"]
[EventDate "2017.07.19"]
[EventType "swiss (rapid)"]
[EventRounds "9"]
[EventCountry "CZE"]
[SourceTitle "CBM 179 Extra"]
[Source "ChessBase"]
[SourceDate "2017.08.23"]
[SourceVersion "1"]
[SourceVersionDate "2017.08.23"]
[SourceQuality "1"]

1. Nf3 Nf6 2. c4 g6 3. Nc3 Bg7 4. e4 d6 5. d4 0-0 6. Be2 e5 7. dxe5 dxe5 8. Qxd8 Rxd8 9. Bg5 Re8 10. 0-0-0 h6 11. Bh4 c6 12. Rd6 Nbd7 13. Rhd1 g5 14. Bg3 Nc5 15. Rd8 Bg4 16. Rxa8 Rxa8 17. Bxe5 Nfxe4 18. Nxe4 Nxe4 19. Bxg7 Kxg7 20. h3 Be6 21. Nd4 Re8 22. f3 Ng3 23. Bd3 Rd8 24. Nxe6+ fxe6 25. Kc2 Nf5 26. Kc3 c5 27. a3 Kf6 28. b4 cxb4+ 29. axb4 Ne3 30. Rd2 b6 31. Re2 Nf5 32. Ra2 Rd7 33. Bxf5 Kxf5 34. c5 bxc5 35. bxc5 Kf4 36. Kc4 e5 37. c6 Rd1 38. Rc2 Rd8 39. c7 Rc8 40. Kd5 a5 41. Kd6 Kg3 42. Kxe5 a4 43. Kd6 Rf8 44. Kd7 Rf7+ 45. Kc6 Rf8 46. Kb7 Rf7 47. Kb8 1-0

[Event "Pardubice op rapid 28th"]
[Site "Pardubice"]
[Date "2017.07.20"]
[Round "4"]
[White "Radzicki, Wieslaw"]
[Black "Kutynec, Vladimir"]
[Result "0-1"]
[WhiteElo "1758"]
[BlackElo "2293"]
[PlyCount "78"]
[EventDate "2017.07.19"]
[EventType "swiss (rapid)"]
[EventRounds "9"]
[EventCountry "CZE"]
[SourceTitle "CBM 179 Extra"]
[Source "ChessBase"]
[SourceDate "2017.08.23"]
[SourceVersion "1"]
[SourceVersionDate "2017.08.23"]
[SourceQuality "1"]

1. d4 d5 2. Bg5 Bf5 3. e3 c6 4. Bd3 Bxd3 5. Qxd3 Qb6 6. Qb3 Nd7 7. Qxb6 axb6 8. a3 e5 9. Ne2 h6 10. Bh4 f5 11. 0-0 g5 12. Bg3 f4 13. exf4 exf4 14. Nxf4 gxf4 15. Re1+ Kf7 16. Bxf4 Ngf6 17. Nd2 Bg7 18. Re3 Rae8 19. Rf3 Re6 20. h3 Rhe8 21. Kf1 h5 22. Rb3 Ne4 23. Nf3 Rf6 24. Bc7 Kg8 25. Kg1 b5 26. a4 Ra8 27. a5 Bh6 28. Rf1 Rf7 29. Ra3 Kh7 30. Ne5 Nxe5 31. Bxe5 Nd2 32. Re1 Nc4 33. Ra2 Bd2 34. Rd1 Rxa5 35. Rxa5 Bxa5 36. Ra1 Bb6 37. f4 Nxe5 38. fxe5 Bxd4+ 39. Kh1 Bxe5 0-1

[Event "Pardubice op rapid 28th"]
[Site "Pardubice"]
[Date "2017.07.19"]
[Round "3"]
[White "Kutynec, Vladimir"]
[Black "Dolezal, Radoslav"]
[Result "0-1"]
[WhiteElo "2293"]
[BlackElo "2380"]
[PlyCount "102"]
[EventDate "2017.07.19"]
[EventType "swiss (rapid)"]
[EventRounds "9"]
[EventCountry "CZE"]
[SourceTitle "CBM 179 Extra"]
[Source "ChessBase"]
[SourceDate "2017.08.23"]
[SourceVersion "1"]
[SourceVersionDate "2017.08.23"]
[SourceQuality "1"]

1. Nf3 d5 2. d4 c6 3. c4 e6 4. g3 f5 5. Bg2 Nf6 6. 0-0 Bd6 7. b3 0-0 8. Ba3 Bxa3 9. Nxa3 Nbd7 10. Nc2 Ne4 11. Nce1 a5 12. Nd3 b6 13. Nfe5 Bb7 14. Qc2 Nxe5 15. Nxe5 Qe7 16. f3 Nf6 17. Rac1 c5 18. cxd5 Nxd5 19. Qd2 Rac8 20. f4 Rfd8 21. Rfd1 Nf6 22. Bxb7 Qxb7 23. Qc3 Qe4 24. dxc5 Rxd1+ 25. Rxd1 Qxe2 26. Qd3 Qxd3 27. Rxd3 bxc5 28. Rd6 Ra8 29. a4 Rb8 30. Ra6 g6 31. Rxa5 Rxb3 32. Rxc5 Ra3 33. Ra5 Ra2 34. Ra8+ Kg7 35. a5 Nd5 36. a6 Kh6 37. Nc6 Nc7 38. Ra7 Nxa6 39. Nd4 Ra4 40. Nxe6 Nc5 41. Nxc5 Rxa7 42. Nd3 Ra2 43. Ne5 Kg7 44. Nd3 Kf6 45. Nf2 Ke6 46. Kg2 Kd5 47. Kf3 Kd4 48. h3 Ra3+ 49. Kg2 Ke3 50. Nd1+ Ke2 51. Nb2 Ra2 0-1

[Event "Wch Seniors 50 26th"]
[Site "Marianske Lazne"]
[Date "2016.11.29"]
[Round "10"]
[White "Danielsen, Henrik"]
[Black "Kutynec, Vladimir"]
[Result "1-0"]
[WhiteElo "2477"]
[BlackElo "2295"]
[PlyCount "131"]
[EventDate "2016.11.19"]
[EventType "swiss"]
[EventRounds "11"]
[EventCountry "CZE"]
[SourceTitle "CBM 175 Extra"]
[Source "ChessBase"]
[SourceDate "2016.12.12"]
[SourceVersion "1"]
[SourceVersionDate "2016.12.12"]
[SourceQuality "1"]

1. g3 d5 2. Nf3 b5 3. Bg2 e6 4. 0-0 Nf6 5. d3 Bb7 6. Nbd2 Be7 7. e4 c5 8. exd5 Qxd5 9. a4 b4 10. Nc4 Qd8 11. Nfe5 Bxg2 12. Kxg2 Qd5+ 13. Qf3 0-0 14. Bg5 h6 15. Bxf6 Bxf6 16. Rfe1 Rd8 17. Rad1 Nd7 18. Nc6 Qxf3+ 19. Kxf3 Rdc8 20. N6a5 Nb6 21. Ra1 Nxc4 22. Nxc4 Rc6 23. Rad1 Rd8 24. Re4 Ra6 25. b3 Rc6 26. Kg2 Bc3 27. f4 Rd4 28. Rf1 Rd5 29. Ne3 Rd4 30. f5 Rxe4 31. dxe4 Rd6 32. Nc4 Rd4 33. Kf3 exf5 34. exf5 h5 35. Rf2 Rd5 36. Ke4 Rd4+ 37. Kf3 Rd5 38. Ke2 Kh7 39. Rf4 Kh6 40. h4 Bf6 41. Ne3 Rd7 42. Re4 g5 43. fxg6 fxg6 44. Re6 Kg7 45. Nc4 Rd4 46. Rc6 Rg4 47. Rc7+ Kh6 48. Kf3 g5 49. hxg5+ Rxg5 50. Rxa7 Rf5+ 51. Ke4 Rf2 52. Rf7 Kg5 53. a5 Rxc2 54. a6 Ra2 55. a7 Bd4 56. Nb6 Kg4 57. a8Q Rxa8 58. Nxa8 Kxg3 59. Nc7 h4 60. Ne6 Bc3 61. Nf4 c4 62. bxc4 Bd2 63. Rg7+ Kf2 64. Rg2+ Ke1 65. Nd3+ Kd1 66. c5 1-0

[Event "Wch Seniors 50 26th"]
[Site "Marianske Lazne"]
[Date "2016.11.27"]
[Round "8"]
[White "Hartung Nielsen, Jens"]
[Black "Kutynec, Vladimir"]
[Result "0-1"]
[WhiteElo "2200"]
[BlackElo "2295"]
[PlyCount "68"]
[EventDate "2016.11.19"]
[EventType "swiss"]
[EventRounds "11"]
[EventCountry "CZE"]
[SourceTitle "CBM 175 Extra"]
[Source "ChessBase"]
[SourceDate "2016.12.12"]
[SourceVersion "1"]
[SourceVersionDate "2016.12.12"]
[SourceQuality "1"]

1. d4 Nf6 2. Nf3 e6 3. e3 c5 4. Bd3 b6 5. 0-0 Ba6 6. c4 Nc6 7. Nc3 Bd6 8. b3 0-0 9. Bb2 Re8 10. Re1 e5 11. dxe5 Nxe5 12. Bxh7+ Nxh7 13. Qxd6 Nxf3+ 14. gxf3 Re6 15. Qf4 Rf6 16. Qe5 Ng5 17. Qxg5 Rg6 18. Qxg6 fxg6 19. e4 Qg5+ 20. Kh1 Qh5 21. Kg2 Rf8 22. Re3 d6 23. Nd5 Rf7 24. Rg1 b5 25. cxb5 Bxb5 26. Nc3 Bd7 27. Ne2 d5 28. exd5 Qxd5 29. Nc3 Qh5 30. Ne4 Rxf3 31. Ng3 Qd5 32. Rxf3 Bg4 33. h3 Bxf3+ 34. Kh2 Qd2 0-1